000 00372nam a2200169Ia 4500
005 20250423100606.0
008 250422s9999 xx 000 0 und d
020 _a0-02-833242-3
050 _aQA 107 .B69/
100 _aCandy J. Boyd
245 0 _aPre-Algebra
260 _bMcGraw-Hill
260 _c1995
300 _a843 p
650 _aMathematics
942 _cBK
999 _c33769
_d33769